<?xml version="1.0" encoding="UTF-8"?><record xmlns="http://www.loc.gov/MARC21/slim" xmlns:zs="http://docs.oasis-open.org/ns/search-ws/sruResponse">
  <leader>00707cz  a2200205n  4500</leader>
  <controlfield tag="001">n  82089572 </controlfield>
  <controlfield tag="003">DLC</controlfield>
  <controlfield tag="005">20150415053231.0</controlfield>
  <controlfield tag="008">820701n| azannaabn          |a ana      </controlfield>
  <datafield ind1=" " ind2=" " tag="010">
    <subfield code="a">n  82089572 </subfield>
  </datafield>
  <datafield ind1=" " ind2=" " tag="034">
    <subfield code="d">E0104200</subfield>
    <subfield code="e">E0104200</subfield>
    <subfield code="f">N0503600</subfield>
    <subfield code="g">N0503600</subfield>
    <subfield code="2">other</subfield>
  </datafield>
  <datafield ind1=" " ind2=" " tag="035">
    <subfield code="a">(OCoLC)oca00786218</subfield>
  </datafield>
  <datafield ind1=" " ind2=" " tag="040">
    <subfield code="a">DLC</subfield>
    <subfield code="b">eng</subfield>
    <subfield code="e">rda</subfield>
    <subfield code="c">DLC</subfield>
    <subfield code="d">DLC</subfield>
    <subfield code="d">OCoLC</subfield>
    <subfield code="d">CSt</subfield>
  </datafield>
  <datafield ind1=" " ind2=" " tag="043">
    <subfield code="a">e-gx---</subfield>
  </datafield>
  <datafield ind1=" " ind2=" " tag="151">
    <subfield code="a">Suhl (Germany)</subfield>
  </datafield>
  <datafield ind1=" " ind2=" " tag="451">
    <subfield code="w">nnaa</subfield>
    <subfield code="a">Suhl, Ger.</subfield>
  </datafield>
  <datafield ind1=" " ind2=" " tag="670">
    <subfield code="a">Schaal, D. Suhler Feuerwaffen, c1981:</subfield>
    <subfield code="b">t.p. (Suhler Feuerwaffen) p. 7 (heutige Bezirksstadt Suhl) p. 11 (Stadt Suhl)</subfield>
  </datafield>
  <datafield ind1=" " ind2=" " tag="670">
    <subfield code="a">BGN 5/3/82</subfield>
    <subfield code="b">(Suhl, E. Ger., ppl. 50°36ʹN, 10°42ʹE)</subfield>
  </datafield>
  <datafield ind1=" " ind2=" " tag="670">
    <subfield code="a">LC data base, 7/24/86</subfield>
    <subfield code="b">(hdg.: Suhl, Ger.)</subfield>
  </datafield>
  <datafield ind1=" " ind2="0" tag="781">
    <subfield code="z">Germany</subfield>
    <subfield code="z">Suhl</subfield>
  </datafield>
</record>
